Sports Quiz

Random Sports Quiz
Score 0/34 Timer 10:00
0 Plays Today
Team Player % Correct
Hull FCJamie Shaul
93.8%
Hull FCDanny Houghton
88.5%
Hull FCGareth Ellis
86.2%
Hull FCMarc Sneyd
85.7%
Hull FCAlbert Kelly
83.7%
Hull FCScott Taylor
79.2%
Hull FCMahe Fonua
76.4%
Hull FCSika Manu
74.7%
Hull FCJosh Griffin
72.5%
Hull FCFetuli Talanoa
67.4%
WiganSam Tomkins
67.1%
Hull FCJosh Bowden
66.9%
Hull FCChris Green
66%
Hull FCLiam Watts
64.6%
Hull FCJake Connor
64%
Hull FCCarlos Tuimavave
58.1%
WiganJoe Burgess
56.7%
Team Player % Correct
WiganGeorge Williams
56.2%
Hull FCDanny Washbrook
55.3%
WiganSean O'Loughlin
52.8%
WiganLiam Marshall
50.8%
WiganOliver Gildart
50.3%
Hull FCMark Minichiello
49.2%
WiganTony Clubb
45.2%
WiganLiam Farrell
44.9%
WiganSam Powell
42.1%
WiganJohn Bateman
37.4%
WiganThomas Leuluai
35.7%
WiganTaulima Tautai
30.9%
WiganAnthony Gelling
29.8%
WiganMichael McIlorum
25.3%
WiganWillie Isa
23.6%
WiganRyan Sutton
22.5%
WiganFrank-Paul Nuuasuala
0.8%

You're not logged in!

Compare scores with friends on all Sporcle quizzes.
OR
Log In

Sporcle TV

Today on Sporcle TV


Watch our educational content, quiz creation guides, and fun videos on Sporcle TV.

Show Comments

Extras

Created Jul 8, 2019ReportNominate
Tags:2017, challenge, cup, final, Player, team

Top Quizzes Today


Score Distribution

Paid Content

Your Account Isn't Verified!

In order to create a playlist on Sporcle, you need to verify the email address you used during registration. Go to your Sporcle Settings to finish the process.

Report this User

Report this user for behavior that violates our Community Guidelines.

Details: